=LDR 00000nam 2200000 4500 =001 000220 =005 20250710113444 =035 ##$$a 0010-0725000030 =245 1#$$a Street /$c Erna fitrini =100 #$$a Erna fitrini =250 ##$$a Cetakan pertama =300 ##$$a 28 hlm. : $b Ilus. ; $c 29,7 cm =856 ##$$a TBM As suhada =260 ##$$a Rawamangun :$b Badan pengembangan dan pembinaan bahasa,$c 2022 =082 ##$$a 398.209 598 =084 ##$$a 398.209 598 ERN s =020 ##$$a 978-623-307-159-8 =650 #4$$a Cerita anak-indonesia =650 #4$$a Literasi-bahan bacaan